| 000 | 02050nam a2200409 c 4500 | ||
|---|---|---|---|
| 003 | BLK | ||
| 005 | 20240418135404.0 | ||
| 008 | 180413b bul|||||r ||||||| ||bul|| | ||
| 010 | _aKNG00021617000 | ||
| 020 |
_a978-954-18-0763-7 _bиздат.: Булвест 2000 |
||
| 040 | _aBLK | ||
| 041 |
_aBUL _cBUL |
||
| 072 | 7 |
_2bullib _aН37 _xОбразование. Педагогика Н |
|
| 080 |
_aЗанимания в предучилищна възраст _b372.3 _x.035.46 _z372.3.035.46 |
||
| 080 |
_aБългарска литература _b821.163.2 _x-93-2 _z821.163.2-93-2 |
||
| 100 |
_aТерзиева, Маргарита Тодорова _9253479 |
||
| 139 |
_aПразниците в детската градина _bП 84 |
||
| 245 | 1 | 0 |
_aПразниците в детската градина _bСб. със сценарии и разработки за подготвителна група _cМаргарита Тодорова Терзиева. |
| 257 | _aBGR | ||
| 260 |
_аСофия _bБулвест 2000 _bАнубис _c2010 _fСофия : Вулкан |
||
| 300 |
_a112 с. _c23 см |
||
| 380 | _a3 | ||
| 490 | 1 | _aПриказни пътечки)(Приятели | |
| 500 | _aДруги авт. : К. Кръстева, Д. Стефанова, О. Георгиева, Р. Белтекова, Р. Свирецова, Ат. Мирчева, П. Кънева, Р. Стоянова, Т. меликова, Пр. Димитрова, М. Чобанова, Н. Велева. - Библиогр. с. 108-110. | ||
| 650 | 0 |
_aДетски градини - учебно-възпитателна работа _9245906 |
|
| 653 | _aдетски градини | ||
| 653 | _aпразници | ||
| 653 | _aсценарии | ||
| 653 | _aучебно-възпитателна работа | ||
| 659 | _aН | ||
| 852 | _aЦб 251372 | ||
| 856 | 4 |
_qpdf _u |
|
| 856 | 4 |
_qpdf _u |
|
| 942 |
_cKNG _n0 _02 |
||
| 944 |
_aCR _c25.03.2011 _lБояна Костадинова _k30551 |
||
| 944 |
_aED _c15.04.2011 _lф / _k |
||
| 999 |
_c19484 _d19484 |
||